000 01293 a2200205 4500
001 59014
005 20260407155845.0
008 260407a1953 arg spa d
003 AR-UNSa-BCEJYS
040 _aAR-UNSa-BCEJYS
_bspa
_cAR-UNSa-BCEJYS
080 _a338.516.24
_xPrecio de monopolio (oligopolio)
245 1 0 _aOligopolio
264 1 _aBuenos Aires :
_bFondo de Cultura Económica
_c1953
300 _a300 p.
_c22 cm.
505 _a1. Competencia, cortedad de número y coordinación espontánea - 2. La teoría clásica del oligopolio y sus prolongaciones - 3. Los mapas de indiferencia de Stackelberg: extensión del análisis a otras estructuras de mercado - 4. La teoría pura: la ganancia conjunta máxima - 5. Límites de la maximización del problema de monopolio-oligopolio - 6. Otras limitaciones: el problema oligopólico concreto - 7. Presentación concisa de la maximización conjunta limitada - 8. Maximización conjunta limitada en diversas estructuras de merado - 9. Monopolio bilateral en el mercado de productos - 10. El elemento de monopolio bilateral en las relaciones obrero patronales - 11. Problemas de apreciación y política
942 _cBK
590 _aniveau_biblio:m niveau_hierar:0
100 1 _aFellner, William
700 1 _aBeautell, Cristóbal Lara
999 _c6567
_d6567